[Event "HUN-ch U16 Girls"]
[Site "Budapest"]
[Date "2020.10.25"]
[Round "2"]
[White "Sulyok, Eszter"]
[Black "Ivan, Reka Gyogyver"]
[Result "0-1"]
[WhiteElo "1971"]
[BlackElo "1721"]
[PlyCount "74"]
[EventDate "2020.10.24"]
[EventType "tourn"]
[EventRounds "10"]
[EventCountry "HUN"]
[SourceTitle "CBM 199 Extra"]
[Source "ChessBase"]
[SourceDate "2021.01.31"]
[SourceVersion "1"]
[SourceVersionDate "2021.01.31"]
[SourceQuality "1"]

1. c4 e6 2. g3 d5 3. Bg2 Nf6 4. Nf3 dxc4 5. Qa4+ Nbd7 6. Qxc4 a6 7. 0-0 b5 8. Qc2 Bb7 9. d3 Be7 10. Bf4 c5 11. Nbd2 Rc8 12. Rfd1 0-0 13. Ne4 Qb6 14. Nfd2 Rfd8 15. a4 Nd5 16. a5 Qa7 17. Bd6 Qa8 18. Bxe7 Nxe7 19. Nf3 Nf5 20. Bh3 c4 21. Bxf5 cxd3 22. Qxd3 Nc5 23. Qe3 Nxe4 24. Bxe4 Bxe4 25. Qb6 Bd5 26. Rac1 h6 27. Ne5 Rxc1 28. Rxc1 Rc8 29. Rc7 Rxc7 30. Qxc7 Qb7 31. Qd8+ Kh7 32. Qe8 Qc7 33. Nf3 Qxa5 34. Qxf7 Qa1+ 35. Kg2 Qxb2 36. e4 Bxe4 37. Qxe6 Qe2 0-1

[Event "HUN-chT U18"]
[Site "Budapest"]
[Date "2019.10.29"]
[Round "7.5"]
[White "Ivan, Reka Gyogyver"]
[Black "Giang, Tran Nam"]
[Result "0-1"]
[WhiteElo "1686"]
[BlackElo "2028"]
[PlyCount "42"]
[EventDate "2019.10.26"]
[EventType "team-swiss"]
[EventRounds "7"]
[EventCountry "HUN"]
[SourceTitle "CBM 192 Extra"]
[Source "Chessbase"]
[SourceDate "2019.11.06"]
[SourceVersion "1"]
[SourceVersionDate "2019.11.06"]
[SourceQuality "1"]
[WhiteTeam "Miskolc Kisbocsok"]
[BlackTeam "Geniusz Tata"]
[WhiteTeamCountry "HUN"]
[BlackTeamCountry "HUN"]

1. d4 d5 2. Bf4 Nf6 3. e3 c5 4. c3 Nc6 5. Nd2 Bf5 6. Ngf3 Qb6 7. Qc1 h6 8. dxc5 Qxc5 9. Nb3 Qb6 10. Qd2 e6 11. Bd3 Bxd3 12. Qxd3 Be7 13. Rb1 0-0 14. 0-0 Nh5 15. Be5 Nxe5 16. Nxe5 Nf6 17. Qd4 Qc7 18. Nd2 Bc5 19. Qf4 Nh5 20. Qh4 Qxe5 21. Nf3 Qf5 0-1

[Event "HUN-ch U16 Girls"]
[Site "Balatonlelle"]
[Date "2019.06.26"]
[Round "5"]
[White "Juhasz, Judit"]
[Black "Ivan, Reka Gyogyver"]
[Result "1-0"]
[WhiteElo "1963"]
[BlackElo "1619"]
[PlyCount "81"]
[EventDate "2019.06.22"]
[EventType "swiss"]
[EventRounds "7"]
[EventCountry "HUN"]
[SourceTitle "CBM 191 Extra"]
[Source "ChessBase"]
[SourceDate "2019.09.30"]
[SourceVersion "1"]
[SourceVersionDate "2019.09.30"]
[SourceQuality "1"]

1. e4 c6 2. d4 d5 3. e5 Bf5 4. h4 h5 5. Bd3 Bxd3 6. Qxd3 Qa5+ 7. Nd2 e6 8. Ngf3 Qa6 9. c4 Nh6 10. 0-0 Be7 11. b3 Nf5 12. g3 Nd7 13. a4 0-0 14. Rd1 Rfd8 15. Qc2 dxc4 16. bxc4 Qa5 17. Bb2 Nb6 18. Bc3 Qa6 19. Qb3 Rac8 20. a5 Nd7 21. Ne4 Rc7 22. Nfg5 b6 23. axb6 Qxb6 24. Qa4 Qb7 25. Ba5 Nb6 26. Qa2 Rcd7 27. c5 Nxd4 28. Rdb1 Nb5 29. cxb6 axb6 30. Bd2 Rd5 31. Bf4 Rd4 32. Qc2 Qd7 33. Nf6+ Bxf6 34. Qh7+ Kf8 35. exf6 gxf6 36. Ne4 Ke7 37. Re1 Rd5 38. Qg7 Rf5 39. Nxf6 Qd4 40. Rxe6+ Kxe6 41. Re1+ 1-0